000 00828cam a2200157 4500500
005 20260222004200.0
041 _afre
042 _adc
100 1 0 _aThépot, Jacques
_eauthor
245 0 0 _aJacques Lesourne
260 _c2005.
500 _a32
520 _aAutour d’une trentaine d’ouvrages d’économie et de gestion, Jacques Lesourne, ancien élève de l’École Polytechnique, a été marqué par l’œuvre de Maurice Allais. Penseur et consultant, il a joué un rôle déterminant dans les domaines de la recherche opérationnelle, le développement de la microéconomie et l’analyse des systèmes complexes
786 0 _nRevue française de gestion | 156 | 3 | 2005-06-01 | p. 9-15 | 0338-4551
856 4 1 _uhttps://shs.cairn.info/revue-francaise-de-gestion-2005-3-page-9?lang=fr&redirect-ssocas=7080
999 _c1668119
_d1668119